00511nam a2200133Ia 4500008004100000100002100041245007600062245010800138260004900246260000900295300001200304650001300316856004800329170221s9999 xx 000 0 und d aMostafa M. Maksy aWhich free cash flow is value relevant? The case of the energy industry cMostafa M. Maksy, Kutztown University of Pennsylvania; Gary T. Chen, University of Illinois at Chicago. bJournal of Management and Marketing Research c2016 a15 : 22 xBusiness uhttp://www.aabri.com/manuscripts/131529.pdf